<?xml version="1.0" encoding="UTF-8"?><?xml-stylesheet type="text/xsl" href="static/style.xsl"?><OAI-PMH xmlns="http://www.openarchives.org/OAI/2.0/" xmlns:xsi="http://www.w3.org/2001/XMLSchema-instance" xsi:schemaLocation="http://www.openarchives.org/OAI/2.0/ http://www.openarchives.org/OAI/2.0/OAI-PMH.xsd"><responseDate>2026-04-14T07:03:34Z</responseDate><request verb="GetRecord" identifier="oai:www.recercat.cat:10230/59296" metadataPrefix="marc">https://recercat.cat/oai/request</request><GetRecord><record><header><identifier>oai:recercat.cat:10230/59296</identifier><datestamp>2025-12-26T11:24:19Z</datestamp><setSpec>com_2072_6</setSpec><setSpec>col_2072_452952</setSpec></header><metadata><record xmlns="http://www.loc.gov/MARC21/slim" xmlns:dcterms="http://purl.org/dc/terms/" xmlns:xsi="http://www.w3.org/2001/XMLSchema-instance" xmlns:doc="http://www.lyncode.com/xoai" xsi:schemaLocation="http://www.loc.gov/MARC21/slim http://www.loc.gov/standards/marcxml/schema/MARC21slim.xsd">
   <leader>00925njm 22002777a 4500</leader>
   <datafield ind2=" " ind1=" " tag="042">
      <subfield code="a">dc</subfield>
   </datafield>
   <datafield ind2=" " ind1=" " tag="720">
      <subfield code="a">Garcia-Pérez, José Ignacio</subfield>
      <subfield code="e">author</subfield>
   </datafield>
   <datafield ind2=" " ind1=" " tag="720">
      <subfield code="a">Serrano-Alarcón, Manuel</subfield>
      <subfield code="e">author</subfield>
   </datafield>
   <datafield ind2=" " ind1=" " tag="720">
      <subfield code="a">Vall-Castelló, Judit</subfield>
      <subfield code="e">author</subfield>
   </datafield>
   <datafield ind2=" " ind1=" " tag="260">
      <subfield code="c">2024-02-29T11:23:45Z</subfield>
   </datafield>
   <datafield ind2=" " ind1=" " tag="260">
      <subfield code="c">2024-02-29T11:23:45Z</subfield>
   </datafield>
   <datafield ind2=" " ind1=" " tag="260">
      <subfield code="c">2024</subfield>
   </datafield>
   <datafield ind2=" " ind1=" " tag="260">
      <subfield code="c">2024-02-29T11:23:45Z</subfield>
   </datafield>
   <datafield ind2=" " ind1=" " tag="520">
      <subfield code="a">Includes supplementary materials for the online appendix.</subfield>
   </datafield>
   <datafield ind2=" " ind1=" " tag="520">
      <subfield code="a">This paper examines the labour market and health effects of a non-contributory long-term unemployment (LTU) benefit targeted at middle-aged disadvantaged workers. To do so, we exploit a Spanish reform introduced in July 2012 that increased the age eligibility threshold to receive the benefit from 52 to 55. Our results show that men who were eligible for the benefit experience a reduction in injury hospitalisations by 12.9% as well as a 2 percentage points drop in the probability of a mental health diagnosis. None of the results are significant for women. We document two factors that explain the gender differences: the labour market impact of the reform is stronger for men, and eligible men are concentrated in more physically demanding sectors, like construction. Importantly, we also find evidence of a program substitution effect between LTU and partial disability benefits. Our results highlight the role of long-term unemployment benefits as a protecting device for the (physical and mental) health of middle-aged, low-educated workers who are in a disadvantaged position in the labour market.</subfield>
   </datafield>
   <datafield ind2=" " ind1=" " tag="520">
      <subfield code="a">JIGP acknowledges funding from the project ECO2015-65408-R (MINECO/FEDER) and FEDER UPO-1263503. JVC acknowledges funding from the project RTI2018-095983-B-I00 from MCIU/AEI/FEDER, UE.</subfield>
   </datafield>
   <datafield tag="653" ind2=" " ind1=" ">
      <subfield code="a">Unemployment benefts</subfield>
   </datafield>
   <datafield tag="653" ind2=" " ind1=" ">
      <subfield code="a">Health</subfield>
   </datafield>
   <datafield tag="653" ind2=" " ind1=" ">
      <subfield code="a">Disadvantaged workers</subfield>
   </datafield>
   <datafield tag="653" ind2=" " ind1=" ">
      <subfield code="a">Health efects</subfield>
   </datafield>
   <datafield ind2="0" ind1="0" tag="245">
      <subfield code="a">Long-term unemployment subsidies and middle-aged disadvantaged workers&amp;apos; health</subfield>
   </datafield>
</record></metadata></record></GetRecord></OAI-PMH>